|
|
|
|
| LEADER |
00000nab#a22000007a#4500 |
| 001 |
arbauad009215 |
| 003 |
AR-BaUAD |
| 005 |
20250711110944.0 |
| 008 |
000000|||||||||###||||||b###|0###a|spa|| |
| 040 |
|
|
|a AR-BaUAD
|c AR-BaUAD
|b spa
|
| 245 |
1 |
0 |
|a Allewelt House, Moss House, House in Tennessce, Lindzey House
|
| 300 |
0 |
|
|b cortes, fot., implant., plantas, vistas
|
| 653 |
|
|
|a VIVIENDAS UNIFAMILIARES
|
| 653 |
|
|
|a ESTADOS UNIDOS
|
| 653 |
|
|
|a TURNBULL, WILLIAM
|
| 653 |
|
|
|a CALIFORNIA
|
| 653 |
|
|
|a COLORADO
|
| 653 |
|
|
|a ILLINOIS
|
| 773 |
0 |
|
|t GA Houses
|g no. 7 [1981], p. 42-61
|
| 942 |
|
|
|c ARTI
|
| 952 |
|
|
|0 0
|1 0
|4 0
|7 0
|9 54135
|a AR-BAuAD
|b AR-BAuAD
|d 2025-07-11
|l 0
|p AAQA009215
|r 2025-07-11 11:09:44
|w 2025-07-11
|y ARTI
|
| 990 |
|
|
|a AQ198
|b TD
|
| 998 |
|
|
|a AAQ
|b BIBUN76
|
| 999 |
|
|
|c 33808
|d 33808
|